000
00337 a2200133 4500
000
nam a22 7a 4500
100
_a
Harris, James G.
110
_a
Harris, James G.
245
_a
Plant Identification Terminology: An Illustrated Glossary
250
_a
Latest edition
260
_b
UBP
_c
2024
264
_b
UBP
_c
2024
942
_c
BK
999
_c
396020
_d
396020